000 00428 a2200133 4500
001 ART_17844
005 20260410161701.0
008 260409a
245 1 0 _aUn estudio estocástico de la estructura de equilibrio del sistema bancario
100 1 _aCanavese, Alfredo Juan
700 1 _aRozenwurcel, Guillermo
700 1 _aBleger, Leonardo
773 0 _tEnsayos Económicos
_g- Nº 16 (dic. 1980)
_wREV620
999 _c15147
_d15147